| 000 | 00869nam a2200241 i 4500 | ||
|---|---|---|---|
| 001 | 180076 | ||
| 003 | ES-MaACL | ||
| 005 | 20260114063025.0 | ||
| 008 | 210830s2019 sp 001 p spa d | ||
| 020 | _a978-84-17691-48-6 | ||
| 080 | _a821.134.2-14"19" | ||
| 100 | 1 |
_aCasado Buendía, Juan Manuel, _d1970- _9173608 |
|
| 245 | 1 | 4 |
_aUna voz propia : _bcuarenta y ocho años soñando en prosa, pensando en verso y estos poemas como testigos de la grieta (1970-2018) / _cJuan Manuel Casado Buendía. |
| 250 | _a1ª ed. | ||
| 260 |
_aOviedo-Asturias : _bArs Poetica, _c2019. |
||
| 300 |
_a207 p. ; _c21 cm. |
||
| 490 | 1 | _aArs nova | |
| 830 | 1 |
_aArs nova _9224592 |
|
| 852 | 4 |
_aES-MaACL _jA-14753 _9 186986 _bR.152768 _cDEPO1 _dOlim: N-7753 _hDonación: Editorial |
|
| 942 |
_2udc _cMONOGRAFIA |
||
| 999 |
_c180076 _d180076 |
||